Cartas de Simón Bolívar al fundador de la libertad del Perú José de San Martín. (Record no. 35157)

MARC details
000 -LEADER
campo de control de longitud fija 00653nam a2200193 i 4500
001 - NÚMERO DE CONTROL
campo de control 35157
003 - IDENTIFICADOR DE NÚMERO DE CONTROL
campo de control ES-MaACL
005 - FECHA Y HORA DE LA ÚLTIMA TRANSACCIÓN
campo de control 20250930063042.0
007 - CAMPO FIJO DE DESCRIPCIÓN FÍSICA--INFORMACIÓN GENERAL
campo de control de longitud fija t|
008 - DATOS DE LONGITUD FIJA--INFORMACIÓN GENERAL
campo de control de longitud fija 030212s1952 ag ||||1| spa d
100 1# - ENTRADA PRINCIPAL--NOMBRE DE PERSONA
Nombre de persona Bolívar, Simón,
Fechas asociadas al nombre 1783-1830
9 (RLIN) 29964
245 10 - MENCIÓN DEL TÍTULO
Título Cartas de Simón Bolívar al fundador de la libertad del Perú José de San Martín.
260 ## - PUBLICACIÓN, DISTRIBUCIÓN, ETC.
Lugar de publicación, distribución, etc. Buenos Aires :
Nombre del editor, distribuidor, etc. [s.n.],
Fecha de publicación, distribución, etc. 1952.
300 ## - DESCRIPCIÓN FÍSICA
Extensión 30 p. :
Otras características físicas 1 retr. biog. ;
Dimensiones 17 cm.
500 ## - NOTA GENERAL
Nota general Precede al tít.: Instituto Nacional Sanmartiniano.
710 2# - ENTRADA AGREGADA--NOMBRE DE ENTIDAD CORPORATIVA
Nombre de entidad corporativa o nombre de jurisdicción como elemento de entrada Instituto Nacional Sanmartiniano.
9 (RLIN) 5199
852 ## - LOCALIZACIÓN
Ubicación ES-MaACL
Número de control de estantería 2030-F-6
Sublocalización o colección R.34396
Holdings
Estatus retirado Estado de pérdida Estado de daño No para préstamo Colección Biblioteca de origen Biblioteca actual Ubicación en estantería Fecha de adquisición Fuente de adquisición Total de préstamos Signatura topográfica completa Código de barras Visto por última vez Precio de reemplazo Tipo de ítem Koha
        Colección de folletos Biblioteca del Ateneo de Madrid Biblioteca del Ateneo de Madrid Depósito folletos 17/01/2008     2030-F-6 1036772 23/02/2023 23/02/2023 Folleto